Renewable Energy Resources / (Record no. 15105)

MARC details
000 -LEADER
fixed length control field 00969nac a22002411u 4500
008 - FIXED-LENGTH DATA ELEMENTS--GENERAL INFORMATION
fixed length control field 110414s2006 enk|||||r|||| 001 0 eng d
010 ## - LIBRARY OF CONGRESS CONTROL NUMBER
LC control number 85010861
020 ## - INTERNATIONAL STANDARD BOOK NUMBER
International Standard Book Number 0419253203
020 ## - INTERNATIONAL STANDARD BOOK NUMBER
International Standard Book Number 9780419253303
082 00 - DEWEY DECIMAL CLASSIFICATION NUMBER
Classification number 621.042
Item number TWI
Edition number 22
100 ## - MAIN ENTRY--PERSONAL NAME
Personal name Twidell, John.
9 (RLIN) 23030
245 10 - TITLE STATEMENT
Title Renewable Energy Resources /
Statement of responsibility, etc John W. Twidell and Tony Weir
250 ## - EDITION STATEMENT
Edition statement 2nd ed.
260 ## - PUBLICATION, DISTRIBUTION, ETC. (IMPRINT)
Place of publication, distribution, etc London :
Name of publisher, distributor, etc Taylor & Francis, 2006
Date of publication, distribution, etc 2006
300 ## - PHYSICAL DESCRIPTION
Extent xvi, 601 p. :
Other physical details ill. ;
Dimensions 24 cm.
504 ## - BIBLIOGRAPHY, ETC. NOTE
Bibliography, etc Includes bibliographies and index.
650 #0 - SUBJECT ADDED ENTRY--TOPICAL TERM
Topical term or geographic name as entry element Renewable energy sources.
9 (RLIN) 23031
653 ## - INDEX TERM--UNCONTROLLED
Resource For college
Arrived date list April2011
700 1# - ADDED ENTRY--PERSONAL NAME
Personal name Weir, Anthony D.
9 (RLIN) 23029
856 42 - ELECTRONIC LOCATION AND ACCESS
Materials specified Publisher description
Uniform Resource Identifier <a href="http://www.loc.gov/catdir/enhancements/fy0651/85010861-d.html">http://www.loc.gov/catdir/enhancements/fy0651/85010861-d.html</a>
942 ## - ADDED ENTRY ELEMENTS (KOHA)
Item type Book - Borrowing
Call number prefix 333.794 TWI
Source of classification or shelving scheme Dewey Decimal Classification
Holdings
Withdrawn status Item status Source of classification or shelving scheme Damaged status Not for loan Vendor Home library Current library Shelving location Date acquired Source of acquisition Cost, normal purchase price Serial Enumeration / chronology Total Checkouts Total Renewals Full call number Barcode Date last seen Date last borrowed Koha item type
    Dewey Decimal Classification     Baccah Central Library Central Library First floor 14/04/2011   299.00 12026 1 57 631.042 TWI 000023235 15/07/2025 10/10/2013 Book - Borrowing